01093 2200349 4500001002100000005001500021035002000036007000300056008004100059020001800100082000800118084001500126084001300141100003100154245015500185250001200340300003800352650001900390650002500409700002300434700002400457700002900481700002000510700002900530700003200559264005200591336002100643337003000664338002300694990001300717990001300730INLIS00000000112098820230905024728 a0010-0923000036ta230905 0 ind a9786231530561 a543 aD PEKI4207 aPEKI42070 aAnna PermansariePengarang1 aKimia Analitik 2 :b1-9 / PEKI4207 / 3 SKS /cAnna Permansari, Hernani, Zackiyah, Hokcu Suhanda, Wiji, Arryta Canty (Editor), M. Imron Rosyid (Editor) aEdisi 2 a469 Halaman :bIlustrasi ;c27 cm 4aKimia Analitik 4aAnalytical Chemistry0 aHernaniePengarang0 aZackiyahePengarang0 aHokcu SuhandaePengarang0 aWijiePengarang0 aArryta CantyePenyunting0 aM. Imron RosyidePenyunting aTangerang Selatan :bUniversitas Terbuka,c2023 2rdacontentaTeks 2rdamediaaTanpa Perantara 2rdacarrieraVolume a23/30279 a23/90278